Behind the Curtain (Запис № 572166)

МАРК-запис
000 -Лідер
fixed length control field 00830 a2200253 4500
001 - Контрольний номер
control field 216222010
003 - Ідентифікатор контрольного номера
control field UA-OsUOA
005 - Дата та час останнього входження (трансакції)
control field 20220306174722.0
008 - Елементи даних фіксованої довжини – загальна інформація
fixed length control field 220208b un ||||| |||| 00| 0 ukr d
020 ## - Міжнародний стандартний книжковий номер (ISBN)
Міжнародний стандартний книжковий номер (ISBN) (НП) 0908480016
040 ## - Джерело каталогізації
Агенція оригінальної каталогізації UA-OsUOA
Мова каталогізації ukr
Агенція, яка здійснювала перезапис UA-OsUOA
Агенція, яка здійснювала модифікацію UA-OsUOA
041 ## - Код мови
Код мови тексту/ звукової доріжки чи окремого заголовка (П) ukr
080 ## - Індекс Універсальної десяткової класифікації
Індекс Універсальної десяткової класифікації (УДК) (НП) 82-3
090 ## - Локальний шифр розміщення
Класифікаційний індекс УДК 82-3
Авторський знак (НП) А62
100 ## - Основне введення – ім’я особи
Ім’я особи (НП) Antonenko-Davydovych B.
245 ## - Відомості про назву
Назва (НП) Behind the Curtain
Дані про відповідальність (НП) В. Antonenko-Davydovych ; transl. by Y. Tkach
260 ## - Публікація, розповсюдження і т.п. (Вихідні дані)
Дата публікації, розповсюдження і т.п. (П) 1980
Місце публікації, розповсюдження і т.п. (П) b.m.
Ім’я/ наймення видавництва, розповсюджувача і т.п. (П) Bayda Books
300 ## - Фізичний опис
Обсяг 173 c.
591 ## - Дарувальник
Прізвище та ініціали особи Ольга Матула
650 ## - Додаткове предметне введення – тематичний термін
Джерело заголовка чи терміна UDC
Тематичний термін чи географічна назва, як елемент введення (НП) 82-3 Художня література. Літературознавство
942 ## - Додаткові елементи входу (Коха)
Тип елемента Koha Книги
Source of classification or shelving scheme Universal Decimal Classification
955 ## - Код типу видання за змістом
Код типу видання за змістом (НП) Літературно-художні видання
Фонди
Стан вилучень Стан втрат Джерело класифікації або схеми стелажів Стан уражень Не для кредиту Постійне місце розташування Поточне розміщення Дата придбання Джерело придбання Вартість, звичайна ціна покупки Інвентарний номер Усього замовленно Повний номер виклику Штрих-код Дата останнього перегляду Ціна ефективна від Тип елемента Koha
    Universal Decimal Classification     Наукова бібліотека ІДУД Наукова бібліотека ІДУД 08/02/2022 Акт надходження № 1 (25.01.2022 від О. Матули) 1.00 2140184   82-3 А62 2140184 08/02/2022 08/02/2022 Книги